000 00648cam a2200241 a 4500
003 UPN
005 20240924071026.0
008 191127s2004 mx gr 000 f spa d
020 _a9700518221
035 _aUPN01000234389
040 _aMX-MxUPN
_bspa
_cMX-MxUPN
050 1 4 _aPQ7298.3 O84
_bU48
100 1 _aToscana, David,
_d1961-
_932466
245 1 3 _aEl último lector
250 _aPrimera edición
260 _aMéxico, D.F. :
_bMondadori,
_c2004.
300 _a190 páginas
650 4 _aNovela mexicana
_ySiglo XXI
_916447
650 4 _aLibros y lectura
_95227
905 _aLibro
942 _n0
_2lcc
_cLIBRO
999 _c206484
_d206484